000 02807cab a2200301 ab4500
005 20231020063748.0
008 991125c2015 sp fr p o 000 0 spa d
035 _aUPN01000207709
040 _aMX-MxUPN
_bspa
_cMX-MxUPN
_eaacr2
049 _aART-E
100 1 _aMéndez, Ildefonso
100 1 _aSamarro, Gema
100 1 _aGarcía Clavel, José
100 1 _aHitt, Collin
245 1 0 _aHabilidades no cognitivas y diferencias de rendimiento en PISA 2009 entre las comunidades autónomas españolas
_h[recurso electrónico en línea]
506 0 _aAcceso abierto
520 3 _aEl objetivo de este trabajo es analizar el papel que las habilidades no cognitivas o rasgos de personalidad de los estudiantes y, en concreto, el componente territorial de las mismas, tiene en la determinación de las diferencias observadas en rendimiento escolar en PISA, entre las distintas comunidades autónomas españolas. Hasta la fecha, el debate sobre el origen de estas diferencias territoriales se ha circunscrito a las diferencias en dotación de características familiares y escolares que favorecen el rendimiento escolar. Estos trabajos, no obstante, suelen encontrar que una proporción relevante de las diferencias observadas queda sin explicar sobre la base de estos factores. Utilizando los microdatos de PISA 2009, encontramos que una parte relevante de las diferencias observadas entre comunidades autónomas en el rendimiento de sus estudiantes en PISA se debe a la diferente dotación de habilidades no cognitivas de los estudiantes de cada comunidad. En concreto, nuestras estimaciones sugieren que una reducción en una medida standard, esto es, en una desviación típica, de la dispersión observada entre las comunidades autónomas en habilidades no cognitivas vinculadas al rendimiento educativo, conduciría a una reducción de las diferencias observadas en nota media en PISA entre las distintas comunidades autónomas de aproximadamente un 25%. Este es un efecto notable, habida cuenta de que una reducción equivalente en la dispersión territorial de la proporción de padres con estudios superiores o de padres ocupados en las mejores categorías profesionales conduciría a una reducción de las diferencias en nota media entre comunidades autónomas de, como mucho, un 2%.
650 2 _923204
_aPERSISTENCIA
650 2 _96115
_aResiliencia (Rasgo de la personalidad)
650 4 _aRendimiento académico
_93961
653 0 _aHabilidades no cognitivas
653 0 _aPISA
773 _gVol. 4, no. 6 (2015), p. 51-62
_tParticipación educativa: revista del consejo escolar del estado
_x1886-5097
856 4 _uhttp://ntic.educacion.es/cee/revista/n6/pdfs/n6art6_mendezzammarro.pdf
902 _aLeonor Sotres
_bLeonor Sotres/181122/M
905 _aArticulo
942 _cART-E
999 _c179810
_d179810